|
|
|
|
| LEADER |
01168nam a2200337 4500 |
| 001 |
000004919 |
| 003 |
1061 |
| 005 |
20120412090423.0 |
| 008 |
110805s1988 viesd |
| 020 |
|
|
|a 5-05-001188-2
|c 20000 đ
|
| 041 |
0 |
|
|a vie
|
| 082 |
|
|
|a 891.7
|b TU-I
|
| 100 |
0 |
|
|a Tuốcghênhép, Ivan X.
|
| 245 |
|
0 |
|a Đêm trước Cha và con
|b Tiểu thuyết
|c Ivan X. Tuốcghênhép; Hà Ngọc dịch; Ngô Thanh Tâm biên tập
|
| 260 |
|
|
|a Liên Xô
|b Cầu Vồng
|c 1988
|
| 300 |
|
|
|a 448 tr.
|c 19 cm
|
| 500 |
|
|
|a In theo bản dịch của NXB Văn học, Hà Nội
|
| 653 |
|
|
|a tiểu thuyết
|
| 653 |
|
|
|a văn học Nga
|
| 700 |
|
|
|a Hà Ngọc
|e dịch
|
| 910 |
|
|
|a Minh
|d 05/08/2011
|
| OWN |
|
|
|a LSP
|
| AVA |
|
|
|a UDN50
|b LSP
|d 891.7 TU-I
|e unavailable
|t Error 5002 Not defined in file expand_doc_bib_avail.
|f 1
|g 1
|h N
|i 0
|k 1
|
| 999 |
|
|
|a From the UDN01
|
| AVA |
|
|
|a UDN50
|b LSP
|d 891.7 TU-I
|e unavailable
|t Error 5002 Not defined in file expand_doc_bib_avail.
|f 1
|g 1
|h N
|i 0
|k 1
|
| TYP |
|
|
|a Monograph
|
| TYP |
|
|
|a Printed language
|
| 980 |
|
|
|a Mạng thư viện Đại học Đà Nẵng
|